De lo que no se dijo en las crónicas y otros relatos /
Spremljeno u:
| Glavni autor: | |
|---|---|
| Format: | Nepoznato |
| Jezik: | Spanish |
| Izdano: |
México :
Editorial Signos,
c1982.
|
| Teme: | |
| Oznake: |
Dodaj oznaku
Bez oznaka, Budi prvi tko označuje ovaj zapis!
|
MARC
| LEADER | 000000000a22000000004500 | ||
|---|---|---|---|
| 001 | 002744 | ||
| 020 | |a 9684860056 | ||
| 041 | 0 | |a spa | |
| 082 | 0 | 4 | |a P863.4 |b G216d |
| 100 | 1 | |a García Saucedo, Jaime | |
| 245 | 1 | 0 | |a De lo que no se dijo en las crónicas y otros relatos / |c Jaime García Saucedo. |
| 260 | 1 | |a México : |b Editorial Signos, |c c1982. | |
| 300 | |a 55 páginas | ||
| 650 | 4 | |a LITERATURA PANAMEÑA | |
| 650 | 4 | |a CUENTOS | |
| 999 | |c 9103 |d 9103 | ||
| 942 | |c BK |h P863.4 G216d |2 z | ||



